[Event "Kaluga Tsiolkovsky Memorial op"]
[Site "Kaluga"]
[Date "2016.08.15"]
[Round "9"]
[White "Bregman, Ilya"]
[Black "Nabatov, Ivan"]
[Result "0-1"]
[WhiteElo "1713"]
[BlackElo "2073"]
[PlyCount "32"]
[EventDate "2016.08.06"]
[EventType "swiss"]
[EventRounds "9"]
[EventCountry "RUS"]
[SourceTitle "CBM 174 Extra"]
[Source "ChessBase"]
[SourceDate "2016.10.10"]
[SourceVersion "1"]
[SourceVersionDate "2016.10.10"]
[SourceQuality "1"]

1. c4 e5 2. Nc3 Nf6 3. g3 Nc6 4. Bg2 Bc5 5. d3 0-0 6. Bg5 Bxf2+ 7. Kf1 Bb6 8. Ne4 d6 9. Qd2 Nxe4 10. Bxe4 f6 11. Bd5+ Kh8 12. Be3 Ne7 13. Bxb6 axb6 14. Bg2 d5 15. cxd5 Nxd5 16. a3 Be6 0-1